Regles de nomination en Grece moderne un village de Lesbos

Αποθηκεύτηκε σε:
Λεπτομέρειες βιβλιογραφικής εγγραφής
Κύριος συγγραφέας: Δουκέλλης, Παναγιώτης Ν.
Μορφή: Βιβλίο
Γλώσσα:French
Δημοσίευση: [χ.τ.] : Centre National de la Recherche Scientifique, 1983.
Θέματα:
Ετικέτες: Προσθήκη ετικέτας
Δεν υπάρχουν, Καταχωρήστε ετικέτα πρώτοι!

MARC

LEADER 00000cam a2200000 a 4500
001 1/122403
008 201214s1983####fr |||||||||||||| ||fre||
040 |a GR-MyUa  |b gre  |c GR-MyUa  |e AACR2 
041 0 |a fre 
082 7 |a 306.80949582   |2 (23) 
100 1 |a Δουκέλλης, Παναγιώτης Ν. 
245 1 0 |a Regles de nomination en Grece moderne   |h [ανάτυπο] :   |b un village de Lesbos /   |c Doukellis Panagiotis N.  
260 |a [χ.τ.] :   |b Centre National de la Recherche Scientifique,   |c 1983.  
300 |a 287-293 σ. ;   |c 21 εκ.  
500 |a Dialogues d'histoire ancienne, vol. 9, 1983. pp. 287-293.  
650 0 |a Names, Personal   |z Greece   |z Lesbos Island. 
650 0 |a Families   |z Greece   |z Lesbos Island. 
852 |a INST  |b LESVOS  |e 20201214  |h 306.80949582 ΔΟΥ  |p 005100062174  |q 005100062174  |t BK  |y 0 
920 |a Δουκέλλης  |b Παναγιώτης  |y Λέσβος  |z 2002-04 
970 |a Καμάτσου  |b Δέσποινα  |z 14-12-2020